000 01252nam a2200289 i 4500
003 EG-GICUC
005 20260121101437.0
008 251207s1951 ua ||||fr|||| 00| 0 ara d
040 _a EG-GICUC
_bara
_c EG-GICUC
_d EG-GICUC
_erda
041 0 _aara
082 0 4 _221
_a343.3
_bع ل . م
092 0 4 _221
099 _aLaw1 10 343.3 ع ل . م 1951
100 0 _aعلي زكي العرابي
_eمؤلف.
245 1 2 _aالمبادئ الأساسية للأجراءات الجنائية.
_nالجزء الأول،
_b(شرح قانون الإجراءات الجنائية رقم 150 لسنة 1950 الصادر بناريخ 3 سبتمبر سنة 150) /
_cتأليف علي زكي العرابي باشا.
264 3 _aالقاهرة :
_bمطبعة لجنة التأليف و الترجمة والنشر،
_c1951.
300 _a818 صفحة ؛
_c24 سم.
336 _2rda content
_atext
337 _2rda media
_aComputer
338 _2rda carrier
_aOnline Resource
546 _aالنص باللغة العربية
650 1 4 _aالقانون الجنائي
650 1 4 _aقانون الإجراءات الجنائية
856 4 0 _uhttps://fll.law.cu.edu.eg/fulltext/bks/B10-05798.pdf
905 _a77
_eHassnaa
942 _2ddc
_cBK
_e21
_n0
999 _c48831
_d48831